Function Theory in the Unit Ball of C
Αποθηκεύτηκε σε:
| Κύριος συγγραφέας: | |
|---|---|
| Μορφή: | Βιβλίο |
| Γλώσσα: | English |
| Δημοσίευση: |
New York :
Springer-Verlag,
c1980
|
| Σειρά: | Grundlehren der mathematischen wissenschaften ;
; 241 |
| Θέματα: | |
| Ετικέτες: |
Προσθήκη ετικέτας
Δεν υπάρχουν, Καταχωρήστε ετικέτα πρώτοι!
|
MARC
| LEADER | 00000nam a2200000 i 4500 | ||
|---|---|---|---|
| 001 | 1/30654 | ||
| 008 | 941103s1980 eng d | ||
| 020 | |a 0-387-90514-6 | ||
| 035 | |a 1995 |l 10038624 | ||
| 035 | |a 1991 |c ΔΑΡΑΣ | ||
| 040 | |a GR-MY-UA |b gre |e aacr | ||
| 041 | 0 | |a eng | |
| 082 | 0 | |a 515. | |
| 100 | 1 | |a Rudin, Walter, |d 1921-2010. | |
| 245 | 1 | 0 | |a Function Theory in the Unit Ball of C / |c Walter Rudin |
| 260 | |a New York : |b Springer-Verlag, |c c1980 | ||
| 300 | |a 436 p.; |c 24 cm. | ||
| 490 | 1 | |a Grundlehren der mathematischen Wissenschaften |v ; 241 | |
| 500 | |a Includes bibliographical references and index | ||
| 650 | 0 | 0 | |a Holomorphic functions. |
| 650 | 0 | 0 | |a Unit ball. |
| 830 | 0 | |a Grundlehren der mathematischen wissenschaften ; |v ; 241 | |
| 852 | |a INST |b SAMOS |e 19941103 |h 515 RUD |p 005300003932 |q 005300003932 |t BK |y 0 | ||
| 852 | |a INST |b SAMOS |e 19960528 |h 515 RUD |p 005300005150 |q 005300005150 |t BK |y 0 | ||
| 909 | |a Σ |b 039304 | ||
| 909 | |a Σ |b 019906 | ||